LEADER 01050nam a2200253 4500 001 000000365091 003 CaOOAMICUS 005 20251224165141.0 008 251110s2011 it 000 u ita r 020 $a978-88-10-22151-8 040 $aSeMil$bita 100 1 $aGandolfo, Emilio <1919-1999>.$0(OLS)http://semarc/name/934 245 10$aLettera e spirito :$blettura della Bibbia dalle origini cristiane ai nostri giorni /$cEmilio Gandolfo. 264 1$aBologna :$bEDB,$c2011. 300 $a382 p. ;$c21 cm 490 1 $aBiblica 830 0$aBiblica.$0(OLS)http://semarc/title/6074 850 $aSeMil 852 $aSeMil$W1$xVenegono$y1$m2V IV 61$j265858$B255932$CSeMilBibl$Z2$F255932 $81 961 $aBuzzi mons. Franco - Omaggio 996 $6020$a978-88-10-22151-8$9(OLS)http://semarc/number/304570 996 $6245$aLettera e spirito :$blettura della Bibbia dalle origini cristiane ai nostri giorni$9(OLS)http://semarc/title/85617 996 $6264$aBologna :$bEDB$9(OLS)http://semarc/publisher/29669 LEADER 00897nam a2200217 i 4500 001 000000128193 003 CaOOAMICUS 005 20040719000000.0 008 040719s1966 it u000 u ita u 013 $a100915 040 $aSeMil$bita 245 10$aGian Lorenzo Bernini :$bparte seconda. 260 $aMilano :$bFratelli Fabbri Editori,$ccopyr. 1966. 300 $a1 fasc. :$bill., tav. ;$c36 cm. 490 0 $aI maestri della scultura ;$v22.[3] 600 14$aBernini, Gian Lorenzo <1598-1680>.$0(OLS)http://semarc/subject/20728 830 2$aI maestri della scultura ;$v22.[3].$0(OLS)http://semarc/title/15794 850 $aSeMil 852 $aSeMil$W1$xVenegono$y1$m5J VII 3/22$j82423$B82423$CSeMilBibl$Z2$F84755 $81 996 $6245$aGian Lorenzo Bernini :$bparte seconda$9(OLS)http://semarc/title/189414 996 $6260$aMilano :$bFratelli Fabbri Editori$9(OLS)http://semarc/publisher/29845